| 000 | 00772nam a2200229Ia 4500 | ||
|---|---|---|---|
| 001 | Para_10483 | ||
| 008 | 220602s9999 xx 000 0 und d | ||
| 020 | _a0-89054-336-4 | ||
| 082 | _aPA 632.3 D84 2015 | ||
| 100 |
_aDugan, Frank M. _9174989 |
||
| 245 | _aThe identification of fungi: an illustrated introduction with keys, glossary, and guide to literature / Frank M. Dugan | ||
| 250 | _a4 | ||
| 260 | _aEstados Unidos de América : The American Phytopathological Society | ||
| 300 | _a176 p. | ||
| 500 | _aIncluye referencias bibliográficas | ||
| 650 |
_a1.Micología 2.Hongos - Genética Ì _9185109 |
||
| 901 | _aPA 632.3 D84 2015 | ||
| 902 | _aM | ||
| 905 | _a5232202015 -usa 8000000300spa06 | ||
| 942 | _c1 | ||
| 999 |
_c217284 _d217284 |
||